Les habitacions d'una casa | Rooms in a house in Catalan - Statistics

General Stats
  • This quiz has been taken 4 times
    3 since last reset
  • The average score is 10 of 13
Answer Stats
Hint Answer % Correct
Balcony Balcó
100%
Kitchen Cuina
100%
Staircase / Stairs Escala/Escales
100%
Bedroom Habitació/Dormitori
100%
Garden Jardí
100%
Bathroom Lavabo
100%
Living room / Dining room Sala d'estar/Menjador
100%
Garage Garatge
67%
Hallway Passadís
67%
Courtyard or garden with tile floor Pati
67%
Terrace Terrassa
67%
Garret (usually for storage) Golfes
33%
Basement Soterrani
33%
No matching quizzes found
Score Distribution
Percent of People with Each Score
Percentile by Number Answered
Your Score History
You have not taken this quiz since the last reset